[Event "Hoogovens"]
[Site "Wijk aan Zee"]
[Date "1992.??.??"]
[Round "?"]
[White "Salov, Valery"]
[Black "Brenninkmeijer, Joris"]
[Result "1-0"]
[WhiteElo "2655"]
[BlackElo "2500"]

1.Nf3 d5 2.c4 c6 3.d4 Nf6 4.Qc2 dxc4 5.Qxc4 Bf5 6.Nc3 e6 7.g3 Be7 8.Bg2 Nbd7
9.O-O O-O 10.e3 Ne4 11.Qe2 Bb4 12.Bd2 Nxd2 13.Nxd2 e5 14.a3 Ba5 15.Nb3 Be6
16.d5 cxd5 17.Nxd5 Bb6 18.Rac1 Nf6 19.Nxb6 Qxb6 20.Nc5 Bg4 21.Qc2 Rac8 22.b4 Qb5
23.h3 Bh5 24.Qb3 b6 25.a4 Qe8 26.Ne4 Nxe4 27.Bxe4 Qd7 28.Kg2 Rfd8 29.b5 Bg6
30.Bc6 Qe7 31.Rfd1 Bf5 32.e4 Be6 33.Qc3 f6 34.a5 Kf7 35.axb6 axb6 36.Qe3 Rxd1
37.Rxd1 Qc5 38.Qxc5 bxc5 39.Ra1 Rc7 40.Ra8 c4 41.Be8+ Ke7 42.b6  1-0

[Event "Hoogovens"]
[Site "Wijk aan Zee"]
[Date "1992.??.??"]
[Round "?"]
[White "Salov, Valery"]
[Black "Epishin, Vladimir"]
[Result "1-0"]
[WhiteElo "2655"]
[BlackElo "2620"]

1.c4 e5 2.Nc3 Nf6 3.Nf3 Nc6 4.e3 Bb4 5.Nd5 e4 6.Ng1 O-O 7.Qc2 Re8 8.Ne2 Bd6
9.a3 Be5 10.Ng3 d6 11.Be2 Nxd5 12.cxd5 Ne7 13.Qxe4 c6 14.dxc6 Nxc6 15.Qc2 d5
16.d4 Bc7 17.O-O Re6 18.f4 Bb6 19.Bd3 Rh6 20.Nf5 Rg6 21.Bd2 Bd7 22.Bc3 Qf6
23.Rae1 Re8 24.Rf3 h5 25.Ng3 Rh6 26.Nf5 Rg6 27.Ref1 h4 28.Be1 Re4 29.Nxh4 Rg4
30.Bxe4 dxe4 31.Qxe4 Rxh4 32.Bxh4 Qxh4 33.Rg3 Qf6 34.Qd5 Bf5 35.Rc1 g6 36.b4 a6
37.b5 axb5 38.Qxb5 Ne7 39.a4 Kg7 40.a5 Bd8 41.Qxb7 Bxa5 42.Ra1 Nc6 43.Qa6 Bd8
44.Rc1 Be4 45.Qb5 Ne7 46.Qe8 Qd6 47.Rh3 Kf6 48.Rh7 Bd5 49.e4 Qa3 50.Qh8+  1-0

[Event "Hoogovens"]
[Site "Wijk aan Zee"]
[Date "1992.??.??"]
[Round "1"]
[White "Brenninkmeijer, Joris"]
[Black "Van Wely, Loek"]
[Result "1/2-1/2"]
[WhiteElo "2500"]
[BlackElo "2560"]

1.d4 Nf6 2.c4 g6 3.Nc3 Bg7 4.e4 d6 5.Nf3 O-O 6.Be2 e5 7.Be3 Ng4 8.Bg5 f6
9.Bh4 g5 10.Bg3 Nh6 11.dxe5 dxe5 12.Qd5+ Nf7 13.h4 Qe7 14.hxg5 fxg5 15.O-O-O c6
16.Qa5 Na6 17.Ne1 Nc5 18.Qa3 Re8 19.f3 Ne6 20.Qxe7 Rxe7 21.Bf2 Nf4 22.g4 Re8
23.Nc2 Bf8 24.c5 Be6 25.b3 b5 26.Rd2 a5 27.Rhd1 Red8 28.Bf1 Rxd2 29.Rxd2 Nd8
30.b4 Bf7 31.bxa5 Nb7 32.a6 Nxc5 33.Bxc5 Bxc5 34.a4 b4 35.Nd1 Ne6 36.Rd7 Be8
37.Rb7 Nd8 38.Bc4+ Bf7 39.Bxf7+ Nxf7 40.Nxb4 Nd8 41.a5 Bd6 42.Rb6 Bc7 43.Nc3 c5
44.Ncd5 Bxb6 45.Nxb6 Ra7 46.Nc8 Ra8 47.Nb6  1/2-1/2

[Event "Hoogovens"]
[Site "Wijk aan Zee"]
[Date "1992.??.??"]
[Round "1"]
[White "Epishin, Vladimir"]
[Black "Van der Wiel, John TH"]
[Result "1-0"]
[WhiteElo "2620"]
[BlackElo "2540"]

1.d4 Nf6 2.c4 e6 3.Nf3 b6 4.g3 Ba6 5.b3 d5 6.cxd5 Nxd5 7.e4 Bxf1 8.Kxf1 Nf6
9.Qe2 c5 10.d5 exd5 11.exd5+ Be7 12.Nc3 Nxd5 13.Qe4 Nxc3 14.Qxa8 O-O 15.Kg2 Bf6
16.Bf4 Nd5 17.Bxb8 Bxa1 18.Rxa1 Nf6 19.Qxa7 Qxb8 20.Qxb8 Rxb8 21.Rd1 b5 22.Ne5 Ra8
23.a4 bxa4 24.bxa4 Kf8 25.Ra1 Ke7 26.a5 Ra6 27.f4 Ne8 28.Re1 Nd6 29.Kf3 Kd8
30.Rd1 Kc7 31.Rd5 c4 32.Rc5+ Kd8 33.Nc6+ Ke8 34.Re5+ Kf8 35.Nb4 Ra8 36.a6 c3
37.Rc5 Rb8 38.a7 Ra8 39.Nc6 f6 40.Rxc3 Nb5 41.Rc5 Nxa7 42.Ra5 Nxc6 43.Rxa8+ Kf7
44.Ke4 Ne7 45.g4 Ke6 46.Rf8 Nc6 47.f5+ Ke7 48.Rc8 Nd8 49.Rc7+ Kf8 50.Kd5 Nf7
51.Rc8+ Ke7 52.Rg8 g5 53.Rg7 Kf8 54.Rxh7  1-0

[Event "Hoogovens"]
[Site "Wijk aan Zee"]
[Date "1992.??.??"]
[Round "1"]
[White "Kortschnoj, Viktor"]
[Black "Sax, Gyula"]
[Result "1/2-1/2"]
[WhiteElo "2585"]
[BlackElo "2600"]

1.Nf3 Nf6 2.c4 c5 3.Nc3 d5 4.cxd5 Nxd5 5.e3 Nxc3 6.bxc3 g6 7.Bb5+ Nd7 8.d4 Bg7
9.O-O O-O 10.a4 Qc7 11.e4 Rd8 12.Ba3 Nf6 13.Qe1 b6 14.Rd1 a6 15.Bd3 Bg4 16.e5 Bxf3
17.gxf3 Nd5 18.Be4 c4 19.Kh1 e6 20.Rg1 Qd7 21.Bd6 Qxa4 22.Bxd5 exd5 23.Bc7 Re8
24.Bxb6 Rab8 25.Rb1 Qc2 26.Qe3 Qf5 27.Rb4 Bh6 28.Qxh6 Qxf3+ 29.Rg2 Qd1+ 30.Rg1 Qf3+
31.Rg2  1/2-1/2

[Event "Hoogovens"]
[Site "Wijk aan Zee"]
[Date "1992.??.??"]
[Round "1"]
[White "Nunn, John DM"]
[Black "Seirawan, Yasser"]
[Result "0-1"]
[WhiteElo "2615"]
[BlackElo "2600"]

1.e4 c6 2.d4 d5 3.e5 Bf5 4.Nf3 e6 5.Be2 c5 6.O-O Nc6 7.c3 c4 8.b3 b5 9.a4 a6
10.Na3 h6 11.Bb2 Bxa3 12.Bxa3 Nge7 13.Bc5 O-O 14.b4 Rb8 15.Nh4 Bh7 16.f4 Re8
17.a5 Be4 18.Qd2 Nf5 19.Nf3 Rb7 20.Rae1 Nh4 21.Qe3 Nxf3+ 22.Bxf3 Bd3 23.Be2 Be4
24.Bg4 g6 25.Bf3 Bd3 26.Rf2 Kh7 27.g4 Ne7 28.Rg2 Rh8 29.Rg3 Ng8 30.Qf2 Rd7
31.Qg2 Kg7 32.Bd1 Be4 33.Rxe4 dxe4 34.Qxe4 Ne7 35.f5 Nd5 36.Bc2 Qg5 37.fxe6 fxe6
38.h4 Qc1+ 39.Kh2 Nf4 40.Rf3 Qd2+ 41.Kg3 g5 42.Rxf4 gxf4+ 43.Kf3 Qxc3+ 44.Ke2 Qe3+
45.Qxe3 fxe3 46.Kxe3 Kf7 47.Ke4 Rg8 48.Bd1 Ke8 49.g5 hxg5 50.Bh5+ Rf7 51.d5 Rh8  0-1

[Event "Hoogovens"]
[Site "Wijk aan Zee"]
[Date "1992.??.??"]
[Round "2"]
[White "Van der Wiel, John TH"]
[Black "Piket, Jeroen"]
[Result "1/2-1/2"]
[WhiteElo "2540"]
[BlackElo "2615"]

1.d4 Nf6 2.c3 g6 3.Bg5 Bg7 4.Nd2 d5 5.e3 O-O 6.Bd3 c5 7.Ngf3 b6 8.O-O Bb7
9.Qb1 Nbd7 10.b4 cxd4 11.cxd4 Rc8 12.a4 h6 13.Bh4 g5 14.Bg3 Nh5 15.a5 Nxg3
16.hxg3 Rc7 17.axb6 axb6 18.Bb5 Qb8 19.Qb2 Rfc8 20.Rfc1 Nf8 21.Nb3 e6 22.Be2 Ng6
23.Rxc7 Qxc7 24.Rc1 Qd6 25.Rxc8+ Bxc8 26.Qc3 Bd7 27.Bd3 f5 28.Nc1 Bf6 29.Bf1 Kg7
30.Nd3 g4 31.Nfe5 Bxe5 32.dxe5 Qc6 33.Qd4 Qc7 34.Ne1 h5 35.f4 Qc1 36.Nd3 Qc7
37.Ne1 Qc1 38.Nd3  1/2-1/2

[Event "Hoogovens"]
[Site "Wijk aan Zee"]
[Date "1992.??.??"]
[Round "2"]
[White "Van Wely, Loek"]
[Black "Nunn, John DM"]
[Result "1-0"]
[WhiteElo "2560"]
[BlackElo "2615"]

1.d4 Nf6 2.c4 g6 3.Nc3 Bg7 4.e4 d6 5.Nf3 O-O 6.Be2 e5 7.O-O Nc6 8.d5 Ne7
9.b4 Nh5 10.g3 f5 11.Ng5 Nf6 12.f3 f4 13.Kg2 Kh8 14.c5 h6 15.cxd6 Qxd6 16.Nb5 Qb6
17.a4 Nfxd5 18.exd5 hxg5 19.a5 Qf6 20.Nxc7 Rb8 21.g4 Bd7 22.b5 Rfc8 23.d6 Ng8
24.Ra2 Nh6 25.Rd2 Nf7 26.Bc4 e4 27.fxe4 Ne5 28.Be2 Rf8 29.Bb2 Qf7 30.Rd5 f3+
31.Bxf3 Nc4 32.Bxg7+ Qxg7 33.Qc1 Bxg4 34.Bxg4 Rxf1 35.Kxf1 Rf8+ 36.Ke1  1-0

[Event "Hoogovens"]
[Site "Wijk aan Zee"]
[Date "1992.??.??"]
[Round "2"]
[White "Nikolic, Predrag"]
[Black "Gelfand, Boris"]
[Result "1/2-1/2"]
[WhiteElo "2635"]
[BlackElo "2665"]

1.d4 Nf6 2.Nf3 g6 3.c4 Bg7 4.g3 O-O 5.Bg2 d6 6.O-O Nbd7 7.Nc3 e5 8.e4 exd4
9.Nxd4 Re8 10.h3 a6 11.Nde2 Nb6 12.b3 Nxe4 13.Nxe4 Rxe4 14.Bxe4 Bxa1 15.Bg2 Bf6
16.Nf4 Rb8 17.Be3 Bd7 18.Bxb6 cxb6 19.Qxd6 Bc6 20.Qxd8+ Rxd8 21.Nd5  1/2-1/2

[Event "Hoogovens"]
[Site "Wijk aan Zee"]
[Date "1992.??.??"]
[Round "2"]
[White "Seirawan, Yasser"]
[Black "Epishin, Vladimir"]
[Result "1/2-1/2"]
[WhiteElo "2600"]
[BlackElo "2620"]

1.d4 Nf6 2.c4 g6 3.Nc3 d5 4.Nf3 Bg7 5.Bg5 Ne4 6.cxd5 Nxg5 7.Nxg5 e6 8.Nf3 exd5
9.b4 O-O 10.e3 c6 11.Be2 a6 12.a4 Be6 13.O-O Nd7 14.b5 axb5 15.axb5 c5 16.Qd2 Rxa1
17.Rxa1 cxd4 18.Nxd4 Nc5 19.Rd1 Qc7 20.Bf3 Rd8 21.h3 Nb3 22.Nxb3 Qxc3 23.Qxc3 Bxc3
24.Rc1 Rc8 25.g4 b6 26.Rd1 Rd8 27.Nd4 Bxd4 28.Rxd4 Rd7 29.Kg2  1/2-1/2

[Event "Hoogovens"]
[Site "Wijk aan Zee"]
[Date "1992.??.??"]
[Round "3"]
[White "Sax, Gyula"]
[Black "Romero Holmes, Alfonso"]
[Result "1/2-1/2"]
[WhiteElo "2600"]
[BlackElo "2490"]

1.e4 e6 2.d4 d5 3.e5 c5 4.c3 Nc6 5.Nf3 Qb6 6.a3 Nh6 7.b4 cxd4 8.cxd4 Nf5
9.Be3 f6 10.b5 Nxe5 11.dxe5 Nxe3 12.fxe3 Qxe3+ 13.Qe2 Qc1+ 14.Qd1 Qe3+ 15.Qe2 Qc1+  1/2-1/2

[Event "Hoogovens"]
[Site "Wijk aan Zee"]
[Date "1992.??.??"]
[Round "3"]
[White "Nunn, John DM"]
[Black "Salov, Valery"]
[Result "1/2-1/2"]
[WhiteElo "2615"]
[BlackElo "2655"]

1.e4 c5 2.Nf3 Nc6 3.d4 cxd4 4.Nxd4 Nf6 5.Nc3 d6 6.Bc4 e6 7.Be3 a6 8.Qe2 Qc7
9.O-O-O Na5 10.Bd3 b5 11.g4 b4 12.Nb1 e5 13.Nf5 Be6 14.b3 g6 15.g5 Nd7 16.Nh6 Bg7
17.h4 Nc5 18.Nd2 Rc8 19.Kb1 Nxd3 20.Qxd3 Qc3 21.h5 Nb7 22.Qxa6 Qxc2+ 23.Ka1 Qc3+
24.Kb1 Qc2+ 25.Ka1  1/2-1/2

[Event "Hoogovens"]
[Site "Wijk aan Zee"]
[Date "1992.??.??"]
[Round "3"]
[White "Epishin, Vladimir"]
[Black "Van Wely, Loek"]
[Result "0-1"]
[WhiteElo "2620"]
[BlackElo "2560"]

1.d4 Nf6 2.c4 g6 3.Nc3 Bg7 4.e4 d6 5.Nf3 O-O 6.Be2 e5 7.O-O Nc6 8.d5 Ne7
9.Nd2 a5 10.Rb1 Nd7 11.a3 f5 12.b4 Kh8 13.f3 Ng8 14.Qc2 Ngf6 15.Nb5 axb4
16.axb4 Nh5 17.g3 Ndf6 18.c5 fxe4 19.fxe4 Bh3 20.Rf2 Qd7 21.c6 bxc6 22.dxc6 Qe7
23.Nc3 d5 24.exd5 e4 25.Nc4 Ng4 26.Bxg4 Rxf2 27.Qxf2 Bxg4 28.Qe3 Rf8 29.Bd2 Qf7
30.h4 Bf3 31.Be1 Qf5 32.Rb2 Nxg3 33.Bxg3 Qh3 34.Bxc7 Qh1+ 35.Kf2 Bh5+ 36.Bf4 Qxh4+
37.Kg1 Rxf4 38.Rg2 Qf6 39.Nd2 Qd4 40.Qxd4 Bxd4+ 41.Kh2 Bxc3 42.d6 Be5 43.d7 e3
44.Kh3 Bc7  0-1

[Event "Hoogovens"]
[Site "Wijk aan Zee"]
[Date "1992.??.??"]
[Round "3"]
[White "Kortschnoj, Viktor"]
[Black "Nikolic, Predrag"]
[Result "1/2-1/2"]
[WhiteElo "2585"]
[BlackElo "2635"]

1.c4 e5 2.g3 Nc6 3.Bg2 f5 4.Nc3 Nf6 5.e3 g6 6.Nge2 Bg7 7.d4 d6 8.d5 Ne7 9.e4 fxe4
10.Nxe4 Nxe4 11.Bxe4 Bh3 12.Rg1 Bd7 13.Bg5 O-O 14.Qd2 Bf6 15.Bh6 Bg7 16.Bg5 Bf6
17.Bh6 Bg7  1/2-1/2

[Event "Hoogovens"]
[Site "Wijk aan Zee"]
[Date "1992.??.??"]
[Round "3"]
[White "Brenninkmeijer, Joris"]
[Black "Huebner, Robert"]
[Result "1/2-1/2"]
[WhiteElo "2500"]
[BlackElo "2615"]

1.d4 Nf6 2.c4 e6 3.Nf3 b6 4.g3 Ba6 5.b3 Bb7 6.Bg2 Bb4+ 7.Bd2 a5 8.O-O O-O
9.Qc2 c5 10.Rd1 cxd4 11.Nxd4 Bxg2 12.Kxg2 Qc7 13.Bg5 Qe5 14.Bxf6 Qxf6 15.Nc3 Nc6
16.Ndb5 Rfd8 17.Rac1 Qe7 18.Qe4 f5 19.Qf3 Bc5 20.Na4 Ne5 21.Qc3 Ng4 22.Nxc5 Qxc5
23.Qd4 Nf6 24.Nd6 Rdb8 25.Rb1 Kf8 26.f3  1/2-1/2

[Event "Hoogovens"]
[Site "Wijk aan Zee"]
[Date "1992.??.??"]
[Round "4"]
[White "Van der Wiel, John TH"]
[Black "Kortschnoj, Viktor"]
[Result "1/2-1/2"]
[WhiteElo "2540"]
[BlackElo "2585"]

1.e4 e6 2.d4 d5 3.Nd2 c5 4.Ngf3 Nf6 5.exd5 exd5 6.Bb5+ Bd7 7.Bxd7+ Nbxd7
8.O-O Be7 9.dxc5 Nxc5 10.Nd4 Qd7 11.N2f3 O-O 12.Ne5 Qc8 13.Qf3 Re8 14.Nf5 Nce4
15.c3 Bd8 16.Ng4 Re6 17.h3 a5 18.Bf4 Rb6 19.Be5 Nxg4 20.hxg4 Nd2 21.Qxd5 Nxf1
22.Bxg7 Qe6 23.Qc5 Bg5 24.Rxf1 Rxb2 25.c4 Rxa2 26.Bc3 Rd8 27.Nd4 Qxg4 28.Qe5 f6
29.Qe7 Qd7 30.Qe4 Re8 31.Qb1 Ra4 32.Qb3 Rb4 33.Bxb4 axb4 34.Nf3 Qe7 35.c5+ Kg7
36.Qxb4 Rc8 37.Rb1 Qxc5 38.Qxc5 Rxc5 39.Rxb7+ Kg6  1/2-1/2

[Event "Hoogovens"]
[Site "Wijk aan Zee"]
[Date "1992.??.??"]
[Round "4"]
[White "Seirawan, Yasser"]
[Black "Gelfand, Boris"]
[Result "1/2-1/2"]
[WhiteElo "2600"]
[BlackElo "2665"]

1.d4 Nf6 2.c4 g6 3.Nc3 Bg7 4.e4 d6 5.Bd3 O-O 6.Nge2 Nc6 7.O-O e5 8.d5 Nd4
9.Nxd4 exd4 10.Nb5 Qe7 11.Re1 Ng4 12.h3 Nxf2 13.Kxf2 a6 14.Na3 Be5 15.Rf1 Qh4+
16.Ke2 f5 17.exf5 Bxf5 18.Bxf5 Rxf5 19.Rxf5 gxf5 20.Kf1 Qg3 21.Qf3 Qh2 22.Ke2 Kh8
23.Bg5 Rg8 24.h4 h6 25.Rf1 hxg5 26.Qh5+ Kg7 27.Qxg5+ Kh7 28.Qh5+ Kg7 29.Qg5+  1/2-1/2

[Event "Hoogovens"]
[Site "Wijk aan Zee"]
[Date "1992.??.??"]
[Round "4"]
[White "Brenninkmeijer, Joris"]
[Black "Nunn, John DM"]
[Result "1-0"]
[WhiteElo "2500"]
[BlackElo "2615"]

1.d4 Nf6 2.c4 g6 3.Nc3 Bg7 4.e4 d6 5.Nf3 O-O 6.Be2 e5 7.Be3 c6 8.Qd2 Qe7
9.d5 Ng4 10.Bg5 f6 11.Bh4 Na6 12.Rd1 Bh6 13.Qc2 g5 14.Bg3 f5 15.h3 Nf6 16.exf5 cxd5
17.cxd5 Nh5 18.Bxa6 bxa6 19.O-O Bxf5 20.Qe2 Nf4 21.Bxf4 gxf4 22.Nd4 Bd7 23.f3 Kh8
24.Ne6 Rg8 25.Qxa6 Bxe6 26.dxe6 Bf8 27.Qc4 Qh4 28.Rf2 Qxh3 29.Nb5 Rg6 30.Qe4 Rb8
31.Qxg6 hxg6 32.gxh3 Rxb5 33.Rc2  1-0

[Event "Hoogovens"]
[Site "Wijk aan Zee"]
[Date "1992.??.??"]
[Round "5"]
[White "Sax, Gyula"]
[Black "Van der Wiel, John TH"]
[Result "1/2-1/2"]
[WhiteElo "2600"]
[BlackElo "2540"]

1.e4 e5 2.Nf3 Nc6 3.d4 exd4 4.Nxd4 Nf6 5.Nxc6 bxc6 6.e5 Qe7 7.Qe2 Nd5 8.c4 Ba6
9.b3 Qh4 10.a3 Bc5 11.Bb2 Nf4 12.Qf3 Ne6 13.g3 Qh6 14.Nd2 Rb8 15.Qd3 O-O
16.Bg2 Rfd8 17.b4 d6 18.Qc2 Nd4 19.Bxd4 Bxd4 20.Rd1 dxe5 21.Nb3 Rd6 22.O-O Rbd8
23.Rfe1 Qf6 24.Rd2 g6 25.c5 Re6 26.Red1 Kg7 27.a4 h5 28.h4 Bc8 29.Nxd4 Rxd4
30.Rxd4 exd4 31.Qc4 Re5 32.Qxd4 Re1+ 33.Kh2 Rxd1 34.Qxd1 Qb2 35.Qe1 Bd7  1/2-1/2

[Event "Hoogovens"]
[Site "Wijk aan Zee"]
[Date "1992.??.??"]
[Round "5"]
[White "Nunn, John DM"]
[Black "Huebner, Robert"]
[Result "1/2-1/2"]
[WhiteElo "2615"]
[BlackElo "2615"]

1.e4 e5 2.Nf3 Nf6 3.Nxe5 d6 4.Nf3 Nxe4 5.Qe2 Qe7 6.d3 Nf6 7.Bg5 Nbd7 8.Nc3 Qxe2+
9.Bxe2 h6 10.Bh4 Be7 11.O-O-O Nf8 12.Ne4 Nxe4  1/2-1/2

[Event "Hoogovens"]
[Site "Wijk aan Zee"]
[Date "1992.??.??"]
[Round "5"]
[White "Kortschnoj, Viktor"]
[Black "Seirawan, Yasser"]
[Result "1/2-1/2"]
[WhiteElo "2585"]
[BlackElo "2600"]

1.d4 d5 2.c4 dxc4 3.e3 Nf6 4.Bxc4 e6 5.Nf3 c5 6.O-O a6 7.Qe2 b5 8.Bd3 cxd4
9.exd4 Be7 10.a4 bxa4 11.Rxa4 Bd7 12.Ra1 a5 13.Nc3 Nc6 14.Rd1 Nb4 15.Bc4 O-O
16.Ne5 Bc8 17.Bg5 Ba6 18.Bxa6 Rxa6 19.Na2 Nfd5 20.Nxb4 Nxb4 21.Bxe7 Qxe7
22.Qb5 Rfa8 23.Rdc1 Qd8 24.Rc4 Rb6 25.Qd7 Qxd7 26.Nxd7 Rba6 27.Nc5 R6a7 28.Kf1 Kf8
29.Ke2 Ke7 30.Nd3  1/2-1/2

[Event "Hoogovens"]
[Site "Wijk aan Zee"]
[Date "1992.??.??"]
[Round "5"]
[White "Epishin, Vladimir"]
[Black "Brenninkmeijer, Joris"]
[Result "1-0"]
[WhiteElo "2620"]
[BlackElo "2500"]

1.d4 Nf6 2.c4 c6 3.Nc3 d5 4.Nf3 e6 5.e3 Nbd7 6.Qc2 Bd6 7.Be2 O-O 8.O-O dxc4
9.Bxc4 a6 10.Rd1 Qc7 11.Ne4 Nxe4 12.Qxe4 e5 13.Qh4 Nf6 14.e4 exd4 15.e5 Bxe5
16.Re1 Bd6 17.Bd3 Qa5 18.Bg5 Bf5 19.Bxf6 Bxd3 20.Bxg7 Kxg7 21.Qxd4+ Kg8 22.Qxd6 Rad8
23.Qg3+ Bg6 24.h4 Rfe8 25.Kh2 Kg7 26.Rad1 Rxe1 27.Rxe1 Rd5 28.a3 Qd8 29.Re5 Rxe5
30.Nxe5 h5 31.b4 Qd4 32.Nf3 Qd7 33.Qf4 f6 34.Nd4 b6 35.Qe3 Kf7 36.Ne2 Qd6+
37.Nf4 c5 38.bxc5 bxc5 39.Qg3 Bf5 40.Nxh5 Qxg3+ 41.Kxg3 c4 42.Kf3 c3 43.Ke3 Ke7
44.Ng3 Bh7 45.Ne2 c2 46.Kd2  1-0

[Event "Hoogovens"]
[Site "Wijk aan Zee"]
[Date "1992.??.??"]
[Round "5"]
[White "Gelfand, Boris"]
[Black "Van Wely, Loek"]
[Result "1/2-1/2"]
[WhiteElo "2665"]
[BlackElo "2560"]

1.d4 Nf6 2.c4 g6 3.Nc3 Bg7 4.e4 d6 5.Be2 O-O 6.Nf3 e5 7.O-O Nc6 8.d5 Ne7
9.Nd2 a5 10.a3 Nd7 11.Rb1 f5 12.b4 Kh8 13.f3 Ng8 14.Qc2 Ngf6 15.Nb5 axb4
16.axb4 Nh5 17.g3 Ndf6 18.c5 fxe4 19.fxe4 Bh3 20.Re1 Ng4 21.Nf3 h6 22.cxd6 cxd6
23.Qc7 Qxc7 24.Nxc7 Ra2 25.Rb2 Ra3 26.Nh4 Kh7 27.Nb5 Ra6 28.Rc2 Rf7 29.Nf3 Bf6
30.Nd2 Bd8 31.Nc4 Rf2 32.Ne3 Bb6 33.Rc7+ Bxc7 34.Bxg4 Bb6 35.Bxh3 Rc2 36.Kh1 Rxc1  1/2-1/2

[Event "Hoogovens"]
[Site "Wijk aan Zee"]
[Date "1992.??.??"]
[Round "6"]
[White "Brenninkmeijer, Joris"]
[Black "Piket, Jeroen"]
[Result "0-1"]
[WhiteElo "2500"]
[BlackElo "2615"]

1.d4 Nf6 2.c4 g6 3.Nc3 Bg7 4.e4 d6 5.Nf3 O-O 6.Be2 e5 7.O-O Nc6 8.Be3 Ng4
9.Bg5 f6 10.Bc1 h5 11.d5 Ne7 12.h3 Nh6 13.Nd2 c5 14.Rb1 Nf7 15.b4 b6 16.bxc5 bxc5
17.Nb3 Bd7 18.Bd2 a6 19.Qc1 f5 20.f3 f4 21.Nd1 a5 22.a4 Bxa4 23.Qa3 Bd7 24.Nxa5 Qc7
25.Nf2 Ra7 26.Qc3 Bf6 27.Nb3 Bh4 28.Ra1 Rb7 29.Nc1 Rfb8 30.Ncd3 Nc8 31.Qc2 Nb6
32.Rfb1 Qc8 33.Rb2 Bd8 34.Rba2 g5 35.Nc1 Nh6 36.Qd1 g4 37.hxg4 hxg4 38.Nxg4 Bxg4
39.fxg4 Rg7 40.Ra7 Rg6 41.Ba5 Nxg4 42.Bxg4 Rxg4 43.Bxb6 Bxb6 44.Ra8 Rg5 45.Rxb8 Qxb8
46.Ra3 Qc8 47.Kf2 Bd8 48.Qa4 Kf7 49.Qd1 Kg6 50.Rh3 Bf6 51.Nd3 Rg4 52.Qa4 Bh4+
53.Kf3 Kh5 54.Qc6 Qg8 55.Ne1 Rg3+ 56.Ke2 Rxg2+ 57.Nxg2 Qxg2+ 58.Kd1 Qxh3
59.Qe8+ Kg4  0-1

[Event "Hoogovens"]
[Site "Wijk aan Zee"]
[Date "1992.??.??"]
[Round "6"]
[White "Van der Wiel, John TH"]
[Black "Romero Holmes, Alfonso"]
[Result "1-0"]
[WhiteElo "2540"]
[BlackElo "2490"]

1.e4 e6 2.d4 d5 3.Nc3 Bb4 4.e5 c5 5.a3 Bxc3+ 6.bxc3 Qc7 7.Nf3 Ne7 8.a4 b6
9.Bb5+ Bd7 10.Bd3 Nbc6 11.O-O h6 12.Re1 O-O 13.Bf4 Ng6 14.Bg3 cxd4 15.Nxd4 Na5
16.Qg4 Qxc3 17.Ne2 Qc8 18.Nf4 Nc6 19.Nxg6 fxg6 20.Qxg6 Ne7 21.Qh7+ Kf7 22.Be2 Rg8
23.Bh5+ Kf8 24.Ra3 Nf5 25.Rf3 Bxa4 26.Rxf5+ exf5 27.Qg6  1-0

[Event "Hoogovens"]
[Site "Wijk aan Zee"]
[Date "1992.??.??"]
[Round "6"]
[White "Van Wely, Loek"]
[Black "Kortschnoj, Viktor"]
[Result "0-1"]
[WhiteElo "2560"]
[BlackElo "2585"]

1.d4 Nf6 2.Nf3 e6 3.c4 b6 4.g3 Ba6 5.b3 Bb7 6.Bg2 Bb4+ 7.Bd2 a5 8.O-O O-O
9.Nc3 Ne4 10.Nxe4 Bxe4 11.Bxb4 axb4 12.Qd2 Qe7 13.Qf4 d5 14.Rfc1 c5 15.cxd5 exd5
16.Qe3 Nd7 17.Bh3 f5 18.Ne1 g5 19.Qd2 g4 20.Bf1 f4 21.gxf4 cxd4 22.Ng2 Qf6
23.Qxb4 Nc5 24.Rd1 Bc2 25.Rdc1 Be4 26.Rd1 Bc2 27.Rdc1 d3 28.exd3 Bxd3 29.a4 Be4
30.a5 Ne6 31.Qxb6 Nd4 32.Ne1 Qg7 33.Rc7 Ne2+ 34.Bxe2 Qxa1 35.Kf1 Rxf4 36.Qe6+ Kh8
37.Rf7 Rxf7 38.Qxf7 Qg7 39.Qxg7+ Kxg7 40.b4 d4 41.a6 d3 42.Bxd3 Bxd3+ 43.Nxd3 Rxa6
44.Kg2 Ra3 45.Nf4 Rb3 46.h3 Rxb4 47.Kg3 gxh3 48.Nxh3 Kf6 49.f3 Kf5 50.Nf2 Rb6
51.Nh3 Rg6+ 52.Kf2 Rg8 53.Ng1 Kg5 54.Kg3 Kh5+ 55.Kh2 Kh4 56.Nh3 Rf8 57.Kg2 Ra8  0-1

[Event "Hoogovens"]
[Site "Wijk aan Zee"]
[Date "1992.??.??"]
[Round "6"]
[White "Seirawan, Yasser"]
[Black "Sax, Gyula"]
[Result "1/2-1/2"]
[WhiteElo "2600"]
[BlackElo "2600"]

1.d4 Nf6 2.c4 e6 3.Nc3 Bb4 4.Qc2 O-O 5.a3 Bxc3+ 6.Qxc3 d6 7.Bg5 Nbd7 8.f3 d5
9.e3 Re8 10.cxd5 exd5 11.Bh4 Qe7 12.Bf2 c5 13.Ne2 b6 14.Ng3 cxd4 15.Qxd4 Nc5
16.Rd1 Bd7 17.b4 Ne6 18.Qb2 Ba4 19.Rd2 Rac8 20.Be2 Qd7 21.O-O Rc7 22.Nf5 Rec8
23.Qe5 Rc2 24.Rxc2 Rxc2 25.Re1 Qc7 26.Qxc7 Rxc7 27.Ra1 Bc2 28.g4 g6 29.Nd6 Ba4
30.h4 Rc3 31.Bb5 Bb3 32.Bf1 d4 33.Nb5 Rc2 34.Nxd4 Nxd4 35.exd4 Bd5 36.Bg2 Rc3
37.g5 Nh5 38.a4 Nf4 39.Bf1 Rxf3 40.Re1 Nh3+ 41.Bxh3 Rxh3 42.Re8+ Kg7 43.Be1 Rh1+
44.Kf2 Rxh4 45.Kg3 Rh1 46.Re5 Rf1  1/2-1/2

[Event "Hoogovens"]
[Site "Wijk aan Zee"]
[Date "1992.??.??"]
[Round "6"]
[White "Nunn, John DM"]
[Black "Epishin, Vladimir"]
[Result "1/2-1/2"]
[WhiteElo "2615"]
[BlackElo "2620"]

1.e4 e6 2.d4 d5 3.Nc3 dxe4 4.Nxe4 Bd7 5.Nf3 Bc6 6.Bd3 Nd7 7.c4 Ngf6 8.Nc3 Bxf3
9.Qxf3 c5 10.Be3 Qb6 11.Ne2 cxd4 12.Bxd4 Bc5 13.Bc3 Bb4 14.O-O-O Rc8 15.Rhe1 O-O
16.g4 Rc5 17.Qg3 Rfc8  1/2-1/2

[Event "Hoogovens"]
[Site "Wijk aan Zee"]
[Date "1992.??.??"]
[Round "6"]
[White "Huebner, Robert"]
[Black "Nikolic, Predrag"]
[Result "1/2-1/2"]
[WhiteElo "2615"]
[BlackElo "2635"]

1.e4 e5 2.Nf3 Nc6 3.Bb5 a6 4.Ba4 Nf6 5.O-O Be7 6.Re1 b5 7.Bb3 O-O 8.c3 d6
9.h3 Re8 10.d4 Bb7 11.Nbd2 Bf8 12.a3 g6 13.Bc2 Bg7 14.Nb3 a5 15.d5 Nb8 16.a4 c6
17.dxc6 Bxc6 18.axb5 Bxb5 19.Bg5 Qc7 20.Nbd2 Nbd7 21.Nf1 Bc6 22.N3d2 d5  1/2-1/2

[Event "Hoogovens"]
[Site "Wijk aan Zee"]
[Date "1992.??.??"]
[Round "7"]
[White "Kortschnoj, Viktor"]
[Black "Salov, Valery"]
[Result "1/2-1/2"]
[WhiteElo "2585"]
[BlackElo "2655"]

1.c4 e5 2.g3 Nc6 3.Bg2 f5 4.Nc3 Nf6 5.e3 g6 6.d4 e4 7.Nge2 Bg7 8.Nf4 Ne7
9.h4 d5 10.b3 c6 11.Ba3 Bh6 12.Bf1 Bxf4 13.gxf4 Be6 14.Qd2 Kf7 15.Na4 b6
16.Be2 h5 17.Rc1 Rc8 18.Kf1 Qd7 19.Qd1 Rc7 20.Kg2 Rhc8 21.Nc3 Rb8 22.Qd2 Neg8
23.Rc2 Nh6 24.Rhc1 Nhg4 25.Qe1 Kg7 26.Kg3 Bf7 27.Bf1 Re8 28.Ne2 Rec8 29.Ng1 Re8
30.Nh3 Nh7 31.Qb4 Rd8 32.Ng5 Bg8 33.c5 b5 34.Qa5 Rb7 35.Bb4 Rdb8 36.Rb2 Ngf6
37.Be1 Nxg5 38.hxg5 Nh7 39.Kh2 Be6 40.a4 b4 41.Ba6 Nf8 42.Bxb7 Qxb7 43.Bxb4 Qxb4
44.Qxa7+ Bd7 45.Qc7 Rb7 46.Qd8 Kg8 47.Ra1 Rb8 48.Qc7 Rb7 49.Qd8  1/2-1/2

[Event "Hoogovens"]
[Site "Wijk aan Zee"]
[Date "1992.??.??"]
[Round "7"]
[White "Epishin, Vladimir"]
[Black "Huebner, Robert"]
[Result "1/2-1/2"]
[WhiteElo "2620"]
[BlackElo "2615"]

1.d4 Nf6 2.c4 e6 3.Nf3 b6 4.g3 Ba6 5.b3 Bb7 6.Bg2 Bb4+ 7.Bd2 a5 8.O-O O-O
9.Nc3 d5 10.Ne5 Nbd7 11.Nd3 Be7 12.Rc1 Ne4 13.Be3 Ndf6 14.Qc2 Ba3 15.Rcd1 Nxc3
16.Qxc3 Ne4 17.Qc2 Qe7 18.Bc1 Rac8 19.cxd5 exd5 20.Bxa3 Qxa3 21.Nf4 Qe7 22.Rc1 c5
23.dxc5 Rxc5 24.Qb2 Rfc8 25.Nd3 R5c7 26.Rxc7 Qxc7 27.Bh3 Re8 28.Rc1 Qd6 29.Qc2 d4
30.Qc7 Qxc7 31.Rxc7 Ba6 32.Bd7  1/2-1/2

[Event "Hoogovens"]
[Site "Wijk aan Zee"]
[Date "1992.??.??"]
[Round "8"]
[White "Brenninkmeijer, Joris"]
[Black "Kortschnoj, Viktor"]
[Result "1/2-1/2"]
[WhiteElo "2500"]
[BlackElo "2585"]

1.d4 Nf6 2.c4 e6 3.Nf3 b6 4.g3 Ba6 5.b3 Bb7 6.Bg2 Bb4+ 7.Bd2 a5 8.O-O O-O
9.Qc2 c5 10.dxc5 Bxc5 11.Nc3 Na6 12.Rad1 d5 13.cxd5 exd5 14.Qb1 Qe8 15.Bf4 Rc8
16.Qb2 Qe7 17.Nd4 Rfd8 18.Ncb5 Qd7 19.Be5 Be7 20.h3 Ne8 21.Nc3 f6 22.Bf4 Nc5
23.Rc1 Nc7 24.Rfd1 Bd6 25.Bxd6 Qxd6 26.e3 Qe5 27.b4 axb4 28.Qxb4 Rd6 29.Ndb5 Nxb5
30.Nxb5 Re6 31.Nd4 Rd6 32.Nb5 Re6 33.Nd4  1/2-1/2

[Event "Hoogovens"]
[Site "Wijk aan Zee"]
[Date "1992.??.??"]
[Round "8"]
[White "Epishin, Vladimir"]
[Black "Piket, Jeroen"]
[Result "1-0"]
[WhiteElo "2620"]
[BlackElo "2615"]

1.d4 Nf6 2.c4 g6 3.Nc3 Bg7 4.e4 d6 5.Nf3 O-O 6.Be2 e5 7.O-O Nc6 8.d5 Ne7
9.Nd2 a5 10.Rb1 Nd7 11.a3 f5 12.b4 Kh8 13.f3 Ng8 14.Qc2 Ngf6 15.Nb5 axb4
16.axb4 Nh5 17.g3 Ndf6 18.c5 Bd7 19.Rb3 Nxg3 20.hxg3 Nh5 21.f4 Bxb5 22.Bxb5 exf4
23.exf5 Nxg3 24.Rxf4 Nxf5 25.Nf3 dxc5 26.bxc5 Ra1 27.Rd3 Qe7 28.Kh2 Rfa8
29.Bb2 R1a2 30.Rb3 Ne3 31.Qe2 Qxc5 32.Re4 c6 33.Rexe3 Bxb2 34.Rxb2 Rxb2 35.Qxb2+ Kg8
36.dxc6 bxc6 37.Re6  1-0

[Event "Hoogovens"]
[Site "Wijk aan Zee"]
[Date "1992.??.??"]
[Round "8"]
[White "Salov, Valery"]
[Black "Sax, Gyula"]
[Result "1/2-1/2"]
[WhiteElo "2655"]
[BlackElo "2600"]

1.d4 Nf6 2.c4 e6 3.Nc3 Bb4 4.Qc2 O-O 5.a3 Bxc3+ 6.Qxc3 b6 7.Bg5 c5 8.dxc5 bxc5
9.e3 d6 10.Rd1 Nbd7 11.Bd3 Rb8 12.Nf3 Qb6 13.Rd2 Bb7 14.O-O Be4 15.Rc1  1/2-1/2